000 00433nam a22001577a 4500
005 20241216113742.0
008 241216b |||||||| |||| 00| 0 eng d
020 _a067520632401
050 _aLC5219
_b.S38 SEA
100 _aSEAMAN, DON F.
245 _aEFFECTIVE STRATEGIES FOR TEACHING ADULTS
260 _aCOLUMBUS
_bMERRILL PUBLISHING COMPANY
_cc1989
300 _aviii, 189p
700 _aFELLENZ, A ROBERT
942 _2lcc
_cBK
_n0
999 _c2312
_d2312